Economics for today / (Record no. 2638)

000 -LEADER
fixed length control field 01011cam a2200325 i 4500
001 - CONTROL NUMBER
control field 17459201
003 - CONTROL NUMBER IDENTIFIER
control field OSt
005 - DATE AND TIME OF LATEST TRANSACTION
control field 20160810091326.0
008 - FIXED-LENGTH DATA ELEMENTS--GENERAL INFORMATION
fixed length control field 120911s2014 at a b 001 0 eng
010 ## - LIBRARY OF CONGRESS CONTROL NUMBER
LC control number 2012949204
020 ## - INTERNATIONAL STANDARD BOOK NUMBER
International Standard Book Number 9781133190103 (hardback)
020 ## - INTERNATIONAL STANDARD BOOK NUMBER
International Standard Book Number 1133190103 (hardback)
040 ## - CATALOGING SOURCE
Original cataloging agency DLC
Language of cataloging eng
Transcribing agency DLC
Description conventions rda
042 ## - AUTHENTICATION CODE
Authentication code pcc
043 ## - GEOGRAPHIC AREA CODE
Geographic area code n-us---
050 00 - LIBRARY OF CONGRESS CALL NUMBER
Classification number HB171.5.T748 2014
100 1# - MAIN ENTRY--PERSONAL NAME
Personal name Tucker, Irvin B.
245 10 - TITLE STATEMENT
Title Economics for today /
Statement of responsibility, etc Irvin B. Tucker, Allan Layton, Tim Robinson
250 ## - EDITION STATEMENT
Edition statement 2nd edition.
300 ## - PHYSICAL DESCRIPTION
Extent xxi, 600 pages :
Other physical details color illustrations ;
Dimensions 27 cm
504 ## - BIBLIOGRAPHY, ETC. NOTE
Bibliography, etc Includes bibliographical references and index.
650 #0 - SUBJECT ADDED ENTRY--TOPICAL TERM
Topical term or geographic name as entry element Economics.
651 #0 - SUBJECT ADDED ENTRY--GEOGRAPHIC NAME
Geographic name United States
General subdivision Economic conditions
Chronological subdivision 2001-2009.
700 ## - ADDED ENTRY--PERSONAL NAME
Personal name Layton Allan
700 ## - ADDED ENTRY--PERSONAL NAME
Relator code Robinson Tim
700 ## - ADDED ENTRY--PERSONAL NAME
Relator code Tucker B. Irvin
906 ## - LOCAL DATA ELEMENT F, LDF (RLIN)
a 7
b cbc
c orignew
d 2
e epcn
f 20
g y-gencatlg
942 ## - ADDED ENTRY ELEMENTS (KOHA)
Source of classification or shelving scheme
Koha item type Book
Holdings
Withdrawn status Lost status Source of classification or shelving scheme Damaged status Not for loan Home library Current library Shelving location Date acquired Total Checkouts Total Renewals Full call number Barcode Date last seen Date checked out Copy number Price effective from Koha item type
          Riara University Library Riara University Library General stack 10/08/2016 3 1 HB171.5.T748 2014 7227/16 20/08/2019 05/08/2019 C.1 10/08/2016 Book
          Riara University Library Riara University Library General stack 25/08/2016 4   HB171.5.T748 2014 8214/16 01/12/2023 14/10/2023 C.2 25/08/2016 Book

Riara University Library,
P.O. Box 49940-00100,
Nairobi, Kenya.